Study of perioperative morbidity following totally extraperitoneal (TEP) and Lichtensteins repair for inguinal hernia and efficacy of preperitoneal instillation of bupivacaine for postoperative pain relief after TEP repair (Record no. 877791)
[ view plain ]
| 000 -LEADER | |
|---|---|
| fixed length control field | 01019nam a2200265Ia 4500 |
| 003 - CONTROL NUMBER IDENTIFIER | |
| control field | OSt |
| 005 - DATE AND TIME OF LATEST TRANSACTION | |
| control field | 20220930084810.0 |
| 008 - FIXED-LENGTH DATA ELEMENTS--GENERAL INFORMATION | |
| fixed length control field | 220926b |||||||| |||| 00| 0 eng d |
| 037 ## - SOURCE OF ACQUISITION | |
| Terms of availability | Theses |
| 040 ## - CATALOGING SOURCE | |
| Original cataloging agency | CRL |
| Transcribing agency | CRL |
| Language of cataloging | eng |
| 041 ## - LANGUAGE CODE | |
| Source of code | eng |
| Language code of text/sound track or separate title | eng |
| 100 ## - MAIN ENTRY--PERSONAL NAME | |
| Personal name | Dhiraj Manish Kumar |
| 9 (RLIN) | 538476 |
| 110 ## - MAIN ENTRY--CORPORATE NAME | |
| Corporate name or jurisdiction name as entry element | University of Delhi. Faculty of Medical Sciences. Department of Surgery |
| 245 #0 - TITLE STATEMENT | |
| Title | Study of perioperative morbidity following totally extraperitoneal (TEP) and Lichtensteins repair for inguinal hernia and efficacy of preperitoneal instillation of bupivacaine for postoperative pain relief after TEP repair |
| 260 ## - PUBLICATION, DISTRIBUTION, ETC. | |
| Date of publication, distribution, etc. | 2006 |
| 650 ## - SUBJECT ADDED ENTRY--TOPICAL TERM | |
| Topical term or geographic name entry element | SURGERY |
| 700 ## - ADDED ENTRY--PERSONAL NAME | |
| Personal name | Dr. Sunil Kumar Gu. |
| 9 (RLIN) | 532243 |
| 700 ## - ADDED ENTRY--PERSONAL NAME | |
| Personal name | Dr. Vivek Agrawal Gu. |
| 9 (RLIN) | 532731 |
| 700 ## - ADDED ENTRY--PERSONAL NAME | |
| Personal name | University of Delhi. Faculty of Medical Sciences. Department of Surgery |
| 942 ## - ADDED ENTRY ELEMENTS (KOHA) | |
| Koha item type | Dissertations |
| Source of classification or shelving scheme | Colon Classification (CC) |
No items available.
